Laser material processing, 4rth ed (Record no. 321356)

000 -LEADER
fixed length control field 00323 a2200133 4500
001 - CONTROL NUMBER
control field 86283
082 ## - DEWEY DECIMAL CLASSIFICATION NUMBER
Classification number 670.42 STE
090 ## - LOCALLY ASSIGNED LC-TYPE CALL NUMBER (OCLC); LOCAL CALL NUMBER (RLIN)
-- 40549
-- 40549
100 ## - MAIN ENTRY--PERSONAL NAME
Personal name Steen, William M ; Jyotirmoy Mazumder
245 ## - TITLE STATEMENT
Title Laser material processing, 4rth ed
250 ## - EDITION STATEMENT
Edition statement 4
260 ## - PUBLICATION, DISTRIBUTION, ETC.
Place of publication, distribution, etc. UK
Name of publisher, distributor, etc. springer
Date of publication, distribution, etc. 2010
300 ## - PHYSICAL DESCRIPTION
Extent xvii, 558 p
942 ## - ADDED ENTRY ELEMENTS (KOHA)
Institution code [OBSOLETE] NUST-CAE
Call number prefix 670.42 STE
Holdings
Withdrawn status Lost status Damaged status Not for loan Collection code Permanent Location Current Location Date acquired Total Checkouts Full call number Barcode Date last seen Price effective from Koha item type
          College of Aeronautical Engineering (CAE) College of Aeronautical Engineering (CAE) 04/03/2017   670.42 STE CAE85273 04/05/2017 04/05/2017 Book
© 2023 Central Library, National University of Sciences and Technology. All Rights Reserved.